000 00794cam a22002174a 4500
005 20250605164024.0
008 250528s ||||||||||||||||||||||||d
035 _a16436
020 _a25601910
040 _aGR-AtMCL
_bgre
_dGR-AtMCL
_eAACR2
245 1 _aEconomics of Labor Relations
250 _a8th
260 _bRichard D. Irwin, Inc,
_c1977
300 _a750
520 _aIntroduction, Union History and Government, Collective Bargaining, Economics of the Labor Market, Minimum Wages and Maximum Hours and Government Security Programs, Government Control of Labor Relations, Concluding Observations, Index of Authors Cited, Index of Subjects.
700 1 _aBloom Gordon F.
_92529
700 1 _aNorthrup Herbert R
_92530
942 _cBK
999 _c1936
_d1936